| 000 | 00526nam a2200133Ia 4500 | ||
|---|---|---|---|
| 008 | 190925s9999 xx 000 0 und d | ||
| 020 | _a9.780170137e+012 | ||
| 100 | _aDowling, Peter | ||
| 245 |
_cPeter Dowling; Marion Festing; Allen D Engle.-- _aInternational human resource management : _bmanaging people in a multinational context / |
||
| 250 | _a5th ed. | ||
| 260 |
_aLondon : _bThomson Learning _c2008 |
||
| 500 | _aIncludes appendix and index. | ||
| 650 | _a International business enterprises -- Personnel management. | ||
| 999 |
_c362230 _d362230 |
||